Представление документа в формате RUSMARC

ПолеНазваниеЗначение
  Тип записи a
  Библиографический уровень m
001 Контрольный номер UONB/MAIN/76cc1e6f2ca346eda4821ad4fe0715e3
005 Дата корректировки 20250520124610.2
010 Индекс ISBN __
d Цена 1 р. 56 к.
9 Тираж 350 экз.
100 Данные общей обработки __
a Данные общей обработки 20250420d1968 u y0rusy0189 ca
101 Язык документа 0_
a Язык текста rus
102 Страна публикации __
a Страна публикации RU
105 Кодированные данные (монография) __
a Кодированные данные (монография) a z 000yy
200 Заглавие и сведения об ответственности 1_
a Заглавие Автоматизированная система управления предприятием с применением вычислительной и организационной техники на 1ГПЗ
f Первые сведения об ответственности Ф. Ф. Чайкин, А. И. Иванов
g Последующие сведения об ответственности Всесоюз. науч.-исслед. конструкторско-технол. ин-т подшипниковой пром-сти "ВНИПП"
203 Вид содержания и тип средства __
a Вид содержания Текст
b Характеристика содержания визуальный
c Тип средства непосредственный
210 Выходные данные 1_
a Место издания Москва
c Издательство Специализир. информ. центр подшипниковой пром-сти
d Дата издания 1968
215 Физическое описание __
a Объем 112 с.
c Иллюстрации/тип воспроизводства ил.
d Формат 22 см
606 Тематические рубрики 0_
a Основная рубрика Автоматизированные системы планирования и управления
606 Тематические рубрики 0_
a Основная рубрика Подшипниковые заводы
x Основная подрубрика Управление
x Основная подрубрика Математические методы
610 Ключевые слова 0_
a Ключевые слова автоматизированные системы планирования и управления; подшипниковые заводы; управление; математические методы
675 Индекс УДК __
a Индекс УДК 6П5.312.14
686 Индексы других классификаций __
a Классификационный индекс 34
2 Код системы rubbk
700 Автор _1
a Фамилия Чайкин
b Имя (инициалы) Ф. Ф.
g Полное личное имя Федор Филиппович
701 Альтернативная интеллектуальная ответственность _1
a Фамилия Иванов
b Имя (инициалы) А. И.
712 Наименование организации (Вторичная ответственность) 02
a Организация/ юрисдикция Всесоюзный научно-исследовательский конструкторско-технологический институт подшипниковой промышленности "ВНИПП"
4 Код отношения 570
801 Источник записи _0
a Страна RU
b Организация Ульяновская ОНБ
c Дата составления 20250420
g Правила каталогизации RCR
801 Источник записи _1
a Страна RU
b Организация Ульяновская ОНБ
c Дата составления 20250420
g Правила каталогизации RCR
901 Тип документа __
t Тип документа m
909 Создатель записи __
a Создатель записи Полина
b Дата создания записи 20250420